Las cien mejores obras de escultura española (Record no. 8015)

MARC details
000 -CABECERA
campo de control de longitud fija 00917nam a2200265 a 4500
001 - NÚMERO DE CONTROL
campo de control BRCA_8347
005 - FECHA Y HORA DE LA ÚLTIMA TRANSACCIÓN
campo de control 20190320210237.0
008 - DATOS DE LONGITUD FIJA--INFORMACIÓN GENERAL
campo de control de longitud fija 150714s1943----sp-a###f##---#001-0#spa-#
041 ## - CÓDIGO DE LENGUA
Código de lengua del texto/banda sonora o título independiente spa
044 ## - CÓDIGO DEL PAÍS DE LA ENTIDAD EDITORA/PRODUCTORA
Código MARC del país sp
050 #4 - SIGNATURA TOPOGRÁFICA DE LA BIBLIOTECA DEL CONGRESO
Número de clasificación NB801
Número de documento/Ítem .R3 1943
100 1# - ENTRADA PRINCIPAL--NOMBRE DE PERSONA
Nombre de persona Rafols, José F.
9 (RLIN) 20894
245 10 - MENCIÓN DE TÍTULO
Título Las cien mejores obras de escultura española
Mención de responsabilidad, etc. por Jose F. Rafols ; nota preliminar de Manuel Gómez Moreno ; prólogo de José María Junoy.
260 ## - PUBLICACIÓN, DISTRIBUCIÓN, ETC.
Lugar de publicación, distribución, etc. Barcelona
Nombre del editor, distribuidor, etc. Ediciones Selectas
Fecha de publicación, distribución, etc. 1943
300 ## - DESCRIPCIÓN FÍSICA
Extensión 249 p.
Otras características físicas il. (algunas a color), 100 láminas
Dimensiones 28 cm.
500 ## - NOTA GENERAL
Nota general Incluye índice de grabados e índice onomástico
500 ## - NOTA GENERAL
Nota general R77
504 ## - NOTA DE BIBLIOGRAFÍA, ETC.
Nota de bibliografía, etc. Bibliografía p. 17-18
650 14 - PUNTO DE ACCESO ADICIONAL DE MATERIA--TÉRMINO DE MATERIA
Término de materia o nombre geográfico como elemento de entrada Escultura española
Subdivisión de forma Catálogos
9 (RLIN) 3816
650 14 - PUNTO DE ACCESO ADICIONAL DE MATERIA--TÉRMINO DE MATERIA
Término de materia o nombre geográfico como elemento de entrada Escultura española
Subdivisión de forma Historia
9 (RLIN) 20895
700 1# - PUNTO DE ACCESO ADICIONAL--NOMBRE DE PERSONA
Nombre de persona Gómez Moreno, Manuel
9 (RLIN) 19434
700 1# - PUNTO DE ACCESO ADICIONAL--NOMBRE DE PERSONA
Nombre de persona Junoy, José María
Término indicativo de función/relación pról.
9 (RLIN) 20896
902 ## - CATALOGADOR
Iniciales GFM
942 ## - ELEMENTOS DE PUNTO DE ACCESO ADICIONAL (KOHA)
Fuente del sistema de clasificación o colocación Library of Congress Classification
Tipo de ítem Koha Libros
Holdings
Estado de retiro Estado de pérdida Estado dañado No para préstamo Localización permanente Ubicación/localización actual Fecha de adquisición Número de inventario Total de préstamos Signatura topográfica completa Código de barras Fecha visto por última vez Precio válido a partir de Tipo de ítem Koha
El ejemplar forma parte de la colección y puede ser consultado según las políticas vigentes.       Biblioteca del Museo Franz Mayer (Rogerio Casas-Alatriste) Biblioteca del Museo Franz Mayer (Rogerio Casas-Alatriste) 15/07/2014 R77   NB801 .R3 1943 (R77) 8971 22/03/2019 22/03/2019 Libros